[Event "4th 4NCL Easter Congress"]
[Site "Holiday Inn Peterborough - West"]
[Date "2024.04.01"]
[Round "6"]
[Board "22"]
[White "Mesesan, Mircea-Marius"]
[Black "Ward, Cian"]
[Result "1/2-1/2"]
[WhiteElo "1963"]
[BlackElo "1815"]
[PlyCount "0"]
[EventDate "2024.03.29"]
[EventRounds "7"]
[EventCountry "ENG"]

1. e4 e6 2. d3 d5 3. Nd2 Nf6 4. g3 c5 5. Bg2 Nc6 6. Ngf3 b6 7. O-O Bb7 8. Re1 Be7
9. e5 Nd7 10. h4 Qc7 11. Qe2 h6 12. Nf1 g5 13. hxg5 hxg5 14. Nxg5 Qxe5 15. Qxe5 Ndxe5
16. Nh2 Bf6 17. Ngf3 O-O-O 18. Nxe5 Nxe5 19. f4 Nc6 20. c3 d4 21. Ng4 Bg7 22. c4
Rdg8 23. Nf2 Bf8 24. g4 Be7 25. g5 Kd7 26. Bd2 Nd8 27. Bxb7 Nxb7 28. Kg2 Nd6 29.
Rh1 Nf5 30. Ng4 Rxh1 31. Rxh1 f6 32. Rh7 Kd6 33. Nf2 fxg5 34. Ne4+ Kc6 35. fxg5 Bd8
36. Kf3 a5 37. a3 Nd6 38. Bf4 Nxe4 39. Kxe4 e5 40. Rh6+ Kb7 41. Rh7+ Kc6 42. Rh6+
Kb7 43. Rh7+  1/2-1/2

[Event "4th 4NCL Easter Congress"]
[Site "Holiday Inn Peterborough - West"]
[Date "2024.04.01"]
[Round "6"]
[Board "23"]
[White "Mize, Dylan"]
[Black "Railwani, Tavish"]
[Result "0-1"]
[WhiteElo "1870"]
[BlackElo "1783"]
[PlyCount "0"]
[EventDate "2024.03.29"]
[EventRounds "7"]
[EventCountry "ENG"]

1. d4 Nf6 2. Bg5 d5 3. Nd2 e6 4. e3 Be7 5. Bd3 c5 6. c3 Nbd7 7. f4 b6 8. Ngf3 Bb7
9. Bxf6 Nxf6 10. Ne5 O-O 11. Qf3 Rb8 12. g4 Nd7 13. Qh3 g6 14. Qh6 Bf6 15. Nxd7 Qxd7
16. g5 Bg7 17. Qh3 cxd4 18. cxd4 f6 19. gxf6 Bxf6 20. Qg4 Qf7 21. Ke2 Bc8 22. Qg3
Kh8 23. f5 Ra8 24. fxg6 Qg7 25. gxh7 Qxg3 26. hxg3 e5 27. Raf1 Bg4+ 28. Ke1 exd4
29. exd4 Rae8+ 30. Ne4 dxe4 31. Be2 Bxe2 32. Kxe2 Bxd4 33. Rd1 Bc5 34. Rd7 Rf2+ 35.
Ke1 Rxb2 36. Rh5 Bb4+ 37. Kd1 e3  0-1

[Event "4th 4NCL Easter Congress"]
[Site "Holiday Inn Peterborough - West"]
[Date "2024.04.01"]
[Round "7"]
[Board "1"]
[White "Larchikov, Maksym"]
[Black "Hebden, Mark L"]
[Result "0-1"]
[WhiteElo "1951"]
[BlackElo "2386"]
[PlyCount "0"]
[EventDate "2024.03.29"]
[EventRounds "7"]
[EventCountry "ENG"]

1. d4 Nf6 2. c4 g6 3. Nc3 Bg7 4. e4 d6 5. Nf3 O-O 6. Be2 Nbd7 7. O-O e5 8. Be3 Re8
9. d5 Nh5 10. Qc1 Nf4 11. Bxf4 exf4 12. Qxf4 Nc5 13. Qd2 Nxe4 14. Nxe4 Rxe4 15. Bd3
Re7 16. h3 Bd7 17. Rfe1 a5 18. Kh2 a4 19. Rxe7 Qxe7 20. Rb1 b6 21. Qg5 Qxg5 22. Nxg5
h6 23. Nf3 f5 24. Nh4 Kf7 25. g3 Bd4 26. Kg2 Bf6 27. Nf3 g5 28. Ne1 h5 29. Be2 Kg6
30. f4 Re8 31. Bf1 gxf4 32. gxf4 Bxb2 33. Nf3 a3 34. Kf2 Re4 35. Bd3 Rxf4 36. Ke3
Be5 37. Rb3 b5 38. cxb5 Ra4 39. b6 Bf4+ 40. Kf2 cxb6 41. Rxb6 Kf6 42. Rb8 Ra5 43.
Bc4 Rc5 44. Rb4 h4 45. Kg2 Bg3 46. Bb3 f4 47. Rb6 Ke7 48. Rb7 Kd8 49. Ng5 Rc3 50.
Bd1 Kc8 51. Ra7 Bb5 52. Ra5 Bc4 53. Ne4 f3+ 54. Kh1 Rc1  0-1

[Event "4th 4NCL Easter Congress"]
[Site "Holiday Inn Peterborough - West"]
[Date "2024.04.01"]
[Round "7"]
[Board "2"]
[White "Raju, Sooraj Menothuparambil"]
[Black "Samarakoon, Vivash"]
[Result "1-0"]
[WhiteElo "1969"]
[BlackElo "1978"]
[PlyCount "0"]
[EventDate "2024.03.29"]
[EventRounds "7"]
[EventCountry "ENG"]

1. e4 e5 2. Nf3 Nc6 3. Bc4 Nf6 4. d4 exd4 5. O-O d6 6. Nxd4 Be7 7. Nc3 O-O 8. Re1
Nxd4 9. Qxd4 Nd7 10. Nd5 Nb6 11. Nxe7+ Qxe7 12. Bd3 f6 13. f4 Bd7 14. b3 Be6 15.
c4 Nd7 16. Bb2 Kh8 17. Bc2 Bg8 18. Re3 Rfe8 19. Rae1 Qf7 20. g4 Nf8 21. R3e2 a5 22.
Rg2 a4 23. Qc3 Ne6 24. f5 Nf8 25. g5 Nd7 26. Qg3 fxg5 27. Qxg5 Ne5 28. Rf1 Qf6 29.
Qg3 axb3 30. Bxb3 Re7 31. Kh1 h6 32. Rfg1 b6 33. Qh3 Bh7 34. c5 Qf8 35. cxd6 cxd6
36. Bd5 Raa7 37. Bd4 Ra5 38. f6 Qxf6 39. Qc8+  1-0

[Event "4th 4NCL Easter Congress"]
[Site "Holiday Inn Peterborough - West"]
[Date "2024.04.01"]
[Round "7"]
[Board "3"]
[White "Fava, Lorenzo"]
[Black "Okhai, Shabir"]
[Result "0-1"]
[WhiteElo "2281"]
[BlackElo "2075"]
[PlyCount "0"]
[EventDate "2024.03.29"]
[EventRounds "7"]
[EventCountry "ENG"]

1. e4 e5 2. Nf3 Nc6 3. Bb5 a6 4. Ba4 Nf6 5. O-O Be7 6. Re1 b5 7. Bb3 d6 8. c3 O-O
9. h3 Nb8 10. d4 Nbd7 11. c4 c6 12. a3 Qc7 13. Nc3 Bb7 14. Be3 Rae8 15. Rc1 Qb8 16.
Qc2 Bd8 17. dxe5 Nxe5 18. Nxe5 dxe5 19. c5 Bc8 20. Red1 Be7 21. Ne2 Rd8 22. Ng3 Qc7
23. Rf1 Qa7 24. Ba2 Ne8 25. f4 exf4 26. Bxf4 Nc7 27. b4 Be6 28. Bb1 Bc4 29. Rf3 Ne6
30. Be3 Bg5 31. Qf2 Bxe3 32. Qxe3 Qd7 33. Nf5 Nd4 34. Rf2 Nxf5 35. exf5 Rfe8 36.
Qg3 f6 37. Bc2 Qe7 38. Bb3 Bxb3 39. Qxb3+ Kf8 40. Qf3 Qe3 41. Rc3 Qd4 42. Rc1 Rd5
43. Qh5 Ree5 44. Qxh7 Rxf5 45. Rcc2 Kf7 46. Rcd2 Qa1+ 47. Kh2 Qe5+ 48. g3 Qe4 49.
Qh8 Rxf2+ 50. Rxf2 Qe1 51. Rg2 Rd1 52. Qh5+ Kg8 53. g4 Qh1+ 54. Kg3 Rd3+ 55. Kf2
Rd2+ 56. Ke3 Qe1+ 57. Kf3 Rd3+ 58. Kf4 Qe3+ 59. Kf5 Rd5+  0-1

[Event "4th 4NCL Easter Congress"]
[Site "Holiday Inn Peterborough - West"]
[Date "2024.04.01"]
[Round "7"]
[Board "4"]
[White "Boswell, Jacob Connor"]
[Black "Srivastava, Arnav"]
[Result "1-0"]
[WhiteElo "2254"]
[BlackElo "1915"]
[PlyCount "0"]
[EventDate "2024.03.29"]
[EventRounds "7"]
[EventCountry "ENG"]

1. d4 Nf6 2. c4 e6 3. Nf3 b6 4. g3 Bb7 5. Bg2 Be7 6. O-O O-O 7. Nc3 Ne4 8. Bd2 d6
9. d5 Nxc3 10. Bxc3 e5 11. b4 Nd7 12. e4 g6 13. Nd2 f5 14. exf5 gxf5 15. f4 e4 16.
Nxe4 fxe4 17. Qg4+ Kf7 18. Qh5+ Kg8 19. Bxe4 Nf6 20. Bxh7+ Kg7 21. Qg6+ Kh8 22. Qh6
Rf7 23. Bf5+ Kg8 24. Be6 Qe8 25. Bxf6 Bxf6 26. Qxf6  1-0

[Event "4th 4NCL Easter Congress"]
[Site "Holiday Inn Peterborough - West"]
[Date "2024.04.01"]
[Round "7"]
[Board "5"]
[White "Khoury, Theo"]
[Black "Clarke, Connor"]
[Result "0-1"]
[WhiteElo "2113"]
[BlackElo "1978"]
[PlyCount "0"]
[EventDate "2024.03.29"]
[EventRounds "7"]
[EventCountry "ENG"]

1. e4 Nf6 2. e5 Nd5 3. d4 d6 4. Nf3 dxe5 5. Nxe5 c6 6. Be2 Bf5 7. O-O Nd7 8. Nf3
e6 9. c4 N5f6 10. Bf4 Be7 11. Nc3 h6 12. Qd2 g5 13. Bg3 Nh5 14. Rad1 g4 15. Ne5 Bg5
16. Qe1 Nxg3 17. fxg3 Nxe5 18. dxe5 Qb6+ 19. Kh1 Qxb2 20. Bd3 Bxd3 21. Rxd3 Rd8 22.
Rxd8+ Bxd8 23. Qe3 Bg5 24. Qd3 O-O 25. Rb1 Qa3 26. Qc2 Qa5 27. Rxb7 Qxe5 28. Rb1
Rd8 29. Ne4 Qf5 30. Qe2 Rd4 31. Re1 Qe5 32. h4 gxh3 33. gxh3 Be7 34. Nd2 Qxe2 35.
Rxe2 Bg5 36. Ne4 Rxc4 37. Nxg5 hxg5 38. Re5 Rc1+ 39. Kg2 Rc2+ 40. Kf3 Rxa2 41. Rxg5+
Kh7 42. Rc5 a5 43. Rxc6 a4 44. Ra6 a3 45. Kg4 Ra1 46. Ra7 Kg6 47. Kh4 a2 48. Ra6
Kg7 49. g4 e5 50. g5 e4  0-1

[Event "4th 4NCL Easter Congress"]
[Site "Holiday Inn Peterborough - West"]
[Date "2024.04.01"]
[Round "7"]
[Board "6"]
[White "Turner, Lewis A"]
[Black "Nawalaniec, Adam"]
[Result "0-1"]
[WhiteElo "1927"]
[BlackElo "2015"]
[PlyCount "0"]
[EventDate "2024.03.29"]
[EventRounds "7"]
[EventCountry "ENG"]

1. e4 c5 2. Nf3 d6 3. d4 cxd4 4. Nxd4 Nf6 5. Nc3 a6 6. f3 e5 7. Nb3 Be7 8. Be3 Be6
9. Qd2 Nbd7 10. g4 O-O 11. O-O-O b5 12. g5 Ne8 13. Nd5 Bxd5 14. exd5 b4 15. f4 a5
16. Kb1 a4 17. Nc1 Qa5 18. f5 Nc7 19. f6 gxf6 20. gxf6 Bxf6 21. Bh3 Rfd8 22. Qf2
Ne8 23. Bxd7 Rxd7 24. Bh6 Bg7 25. Rhg1 Qd8 26. Rg4 Kh8 27. Rdg1 f6 28. Qf5 Raa7 29.
Nd3 Rab7 30. Qe6 Re7 31. Qf5 Rf7 32. Nxb4 Rxb4 33. Rxb4 Bxh6 34. Qe6 Qd7 35. Qxd7
Rxd7 36. Rxa4 f5 37. b4 Be3 38. Rf1 f4 39. b5 Nc7 40. c4 Bc5 41. b6 Bxb6 42. Rb4
Be3 43. Rb7 Kg7 44. a4 Kf6 45. a5 Rg7 46. Kc2 e4 47. Rb3 Ke5 48. Ra1 Rg2+  0-1

[Event "4th 4NCL Easter Congress"]
[Site "Holiday Inn Peterborough - West"]
[Date "2024.04.01"]
[Round "7"]
[Board "7"]
[White "Prior, Stephen CV"]
[Black "Vadalia, Jainill"]
[Result "1-0"]
[WhiteElo "2012"]
[BlackElo "1836"]
[PlyCount "0"]
[EventDate "2024.03.29"]
[EventRounds "7"]
[EventCountry "ENG"]

1. e4 d6 2. d4 Nf6 3. Nc3 e5 4. Nge2 Be7 5. h3 Nbd7 6. a4 c6 7. g4 exd4 8. Nxd4 Nc5
9. Bg2 a5 10. O-O O-O 11. Be3 Nfd7 12. f4 Nb6 13. b3 Bf6 14. g5 Bxd4 15. Bxd4 Ne6
16. Be3 f5 17. Kh2 fxe4 18. Bxe4 d5 19. Bxh7+ Kxh7 20. Qh5+ Kg8 21. g6 Rf6 22. Qh7+
Kf8 23. f5 Qd6+ 24. Kg2 Qe5 25. fxe6 Bxe6 26. Rxf6+ gxf6 27. Bc5+  1-0

[Event "4th 4NCL Easter Congress"]
[Site "Holiday Inn Peterborough - West"]
[Date "2024.04.01"]
[Round "7"]
[Board "8"]
[White "Alldritt, Nigel RE"]
[Black "Burrows, Martin P"]
[Result "1/2-1/2"]
[WhiteElo "1977"]
[BlackElo "1998"]
[PlyCount "0"]
[EventDate "2024.03.29"]
[EventRounds "7"]
[EventCountry "ENG"]

1. d4 Nf6 2. c4 g6 3. g3 Bg7 4. Bg2 O-O 5. Nc3 d6 6. Nf3 Nc6 7. O-O a6 8. b3 Rb8
9. d5 Na5 10. Bf4 Nh5 11. Bd2 c5 12. dxc6 Nxc6 13. Rc1 Bd7 14. Nd5 e6 15. Nf4 Nf6
16. Bc3 Qe7 17. Nd2 Rfd8 18. e4 b5 19. cxb5 axb5 20. a4 b4 21. Bb2 g5 22. Nd3 Be8
23. Qe2 Na5 24. Qe3 Ng4 25. Qe2 Nf6 26. Qe3 Ng4  1/2-1/2

[Event "4th 4NCL Easter Congress"]
[Site "Holiday Inn Peterborough - West"]
[Date "2024.04.01"]
[Round "7"]
[Board "9"]
[White "Wang, Luoke"]
[Black "James, Russell A"]
[Result "0-1"]
[WhiteElo "1801"]
[BlackElo "2017"]
[PlyCount "0"]
[EventDate "2024.03.29"]
[EventRounds "7"]
[EventCountry "ENG"]

1. d4 Nf6 2. c4 g6 3. Nc3 d5 4. cxd5 Nxd5 5. e4 Nxc3 6. bxc3 Bg7 7. Nf3 c5 8. Rb1
O-O 9. Be2 Nc6 10. d5 Ne5 11. Nxe5 Bxe5 12. Qd2 e6 13. c4 Qh4 14. Bf3 exd5 15. cxd5
b6 16. Qg5 Bc3+ 17. Kf1 Ba6+ 18. Kg1 Qxg5 19. Bxg5 f6 20. Bf4 g5 21. Bc7 Rae8 22.
d6 Bc8 23. e5 fxe5 24. Bc6 Bd4 25. Rf1 Rd8 26. Bxd8 Rxd8 27. d7 Bxd7 28. Bxd7 Rxd7
29. h4 g4 30. Kh2 c4 31. Rc1 c3 32. Rhd1 Rf7 33. Rf1 b5 34. Rc2 b4 35. Kg3 h5 36.
Rb1 Rb7 37. f3 gxf3 38. Kxf3 Kf7 39. Rb3 Ke6 40. Ke4 a5 41. a3 Kd6 42. g4 hxg4 43.
h5 Kc5 44. axb4+ axb4 45. Kd3 Rh7 46. Rh2 g3 47. Rg2 Bf2 48. Rb1 Rxh5 49. Rb3 Rh2
50. Rxh2 gxh2 51. Rb1 Bg1  0-1

[Event "4th 4NCL Easter Congress"]
[Site "Holiday Inn Peterborough - West"]
[Date "2024.04.01"]
[Round "7"]
[Board "10"]
[White "Chan, Sheng Liang Bernard"]
[Black "Amato, Giampiero"]
[Result "1-0"]
[WhiteElo "2082"]
[BlackElo "1954"]
[PlyCount "0"]
[EventDate "2024.03.29"]
[EventRounds "7"]
[EventCountry "ENG"]

1. d4 Nf6 2. c4 g6 3. Nc3 Bg7 4. e4 d6 5. h3 O-O 6. Be3 Na6 7. Qd2 e5 8. d5 c6 9.
Nge2 cxd5 10. cxd5 Bd7 11. g4 Qa5 12. Ng3 Rfc8 13. f3 Nc5 14. Rb1 Qd8 15. h4 a5 16.
h5 Rab8 17. Bh6 Bxh6 18. Qxh6 Qf8 19. Qg5 Qg7 20. h6 Qh8 21. Nb5 Bxb5 22. Bxb5 Kf8
23. O-O Rc7 24. Rbe1 Nfd7 25. Qd2 b6 26. Ne2 Qf6 27. Nc3 Qh4 28. Kg2 Qe7 29. Bc6
Kg8 30. Nb5 Rcc8 31. Re3 Rf8 32. Rg1 Rbd8 33. a3 Nb8 34. b4 axb4 35. axb4 Nca6 36.
Ra3 Kh8 37. Kh3 Qf6 38. Rga1 g5 39. Kg2 Qxh6 40. Rxa6 Nxa6 41. Rxa6 f5 42. exf5 e4
43. Qc3+ Kg8 44. fxe4 Qh4 45. Qg3 Qh6 46. Ra7 Rf7 47. Rxf7 Kxf7 48. e5 dxe5 49. Qxe5
Qf8 50. d6  1-0

[Event "4th 4NCL Easter Congress"]
[Site "Holiday Inn Peterborough - West"]
[Date "2024.04.01"]
[Round "7"]
[Board "11"]
[White "White, Stuart A"]
[Black "Sasikumar, Srivathsan"]
[Result "1/2-1/2"]
[WhiteElo "2020"]
[BlackElo "1881"]
[PlyCount "0"]
[EventDate "2024.03.29"]
[EventRounds "7"]
[EventCountry "ENG"]

1. c4 c5 2. g3 g6 3. Bg2 Bg7 4. Nc3 Nc6 5. Nf3 Nf6 6. d4 cxd4 7. Nxd4 O-O 8. O-O
a6 9. Nc2 d6 10. b3 Be6 11. Bb2 Qd7 12. Re1 Bh3 13. Bh1 Rad8 14. e4 Qc7 15. Qe2 Rfe8
16. Rad1 e6 17. Ne3 h5 18. Bg2 Bxg2 19. Kxg2 b6 20. f3 Nd7 21. Rd2 Nc5 22. Red1 Rd7
23. Qf2 Red8 24. Ba1 Qb8 25. Nc2 a5 26. Ne3 Na7 27. Qe2 Nc6 28. Nb5 Na7 29. Bxg7
Kxg7 30. Nxa7 Qxa7 31. Nc2 Qb7 32. Nd4 d5 33. cxd5 exd5 34. e5 Re7 35. Qe3 Rde8 36.
f4 Ne4 37. Rc2 Rc8 38. Rdc1 Rec7 39. Rxc7 Rxc7 40. f5 Qc8 41. Rxc7 Qxc7  1/2-1/2

[Event "4th 4NCL Easter Congress"]
[Site "Holiday Inn Peterborough - West"]
[Date "2024.04.01"]
[Round "7"]
[Board "12"]
[White "Hariharan, Shambavi"]
[Black "Birtwistle, Nigel"]
[Result "0-1"]
[WhiteElo "1867"]
[BlackElo "2048"]
[PlyCount "0"]
[EventDate "2024.03.29"]
[EventRounds "7"]
[EventCountry "ENG"]

1. d4 Nf6 2. c4 g6 3. g3 Bg7 4. Bg2 O-O 5. Nf3 c5 6. d5 b5 7. O-O bxc4 8. Nc3 d6
9. h3 Nbd7 10. e4 Rb8 11. Rb1 Qa5 12. Bd2 Ba6 13. Re1 Qc7 14. Qc1 Rfc8 15. Bg5 Rb4
16. Bf1 Rcb8 17. b3 Qa5 18. Bd2 cxb3 19. axb3 Bxf1 20. Na4 Bd3 21. Ra1 Nxe4 22. Nb2
Qb5 23. Bxb4 Bxb2 24. Qxb2 Qxb4 25. Re3 c4 26. Ne1 Ndc5 27. Nxd3 cxd3 28. f3 Nxg3
29. Rxe7 Ne2+ 30. Kg2 Qh4 31. Rxe2 dxe2 32. Qxe2 Qg5+ 33. Kh2 Qxd5 34. Rxa7 Ne6 35.
Qf2 Rxb3 36. Ra2 Rxf3 37. Qg2 Qe5+ 38. Kh1 Rg3 39. Qf1 Qd5+ 40. Rg2 Rxg2 41. Qxg2
Qxg2+ 42. Kxg2 Nf4+ 43. Kf3 Nxh3 44. Ke4 f5+ 45. Kf3 g5 46. Kg2 Nf4+ 47. Kf3 d5 48.
Kf2 d4 49. Ke1 h5 50. Kf2 h4 51. Kg1 d3 52. Kh1 d2 53. Kh2 Kg7 54. Kh1 d1=Q+ 55.
Kh2 Qe2+ 56. Kh1 Qg2#  0-1

[Event "4th 4NCL Easter Congress"]
[Site "Holiday Inn Peterborough - West"]
[Date "2024.04.01"]
[Round "7"]
[Board "13"]
[White "Baer, Bruce L"]
[Black "Boggarapu, Kritan"]
[Result "1/2-1/2"]
[WhiteElo "1945"]
[BlackElo "1933"]
[PlyCount "0"]
[EventDate "2024.03.29"]
[EventRounds "7"]
[EventCountry "ENG"]

1. Nf3 d5 2. g3 Nf6 3. Bg2 g6 4. d3 Bg7 5. O-O O-O 6. Nbd2 c5 7. e4 Nc6 8. Re1 e5
9. exd5 Nxd5 10. Nc4 Re8 11. Ng5 Be6 12. Nxe6 Rxe6 13. h4 Re8 14. Ne3 Nxe3 15. Bxe3
Qd6 16. h5 Rad8 17. hxg6 hxg6 18. Qg4 b6 19. Rad1 Nb4 20. Re2 Nd5 21. Bg5 f6 22.
Bc1 f5 23. Bxd5+ Qxd5 24. Qxg6 Rf8 25. Bg5 Rd6 26. Qh5 Qxa2 27. b3 Qa6 28. f3 Qb7
29. Rf1 Qf7 30. Qh4 Re8 31. Rh2 Qg6 32. Qc4+ Qf7 33. Qxf7+ Kxf7 34. Be3 Kg6 35. g4
fxg4 36. Rg2 Kf7 37. fxg4+ Kg6 38. Rf5 Rf6 39. Rg5+ Kf7 40. Rh2 Rg6 41. Rf2+ Rf6
42. Rxf6+ Bxf6 43. Rf5 Kg6 44. Kf2 Rh8 45. Kg3 Rh1 46. Kg2  1/2-1/2

[Event "4th 4NCL Easter Congress"]
[Site "Holiday Inn Peterborough - West"]
[Date "2024.04.01"]
[Round "7"]
[Board "14"]
[White "Lishoy Gengis Paratazham, Dildarav"]
[Black "Zhang, Junyi"]
[Result "1-0"]
[WhiteElo "1924"]
[BlackElo "1924"]
[PlyCount "0"]
[EventDate "2024.03.29"]
[EventRounds "7"]
[EventCountry "ENG"]

1. e4 c5 2. d3 Nc6 3. g3 g6 4. Bg2 Bg7 5. f4 d6 6. Nf3 Nf6 7. O-O O-O 8. c3 Rb8 9.
Re1 b5 10. Na3 Qb6 11. Nc2 Ba6 12. a3 Rfd8 13. h3 Qc7 14. Qe2 h5 15. Kh2 Bc8 16.
Be3 Be6 17. Bf2 a5 18. Ng5 Bb3 19. Rac1 Nh7 20. Nxh7 Kxh7 21. Na1 Be6 22. d4 Bc4
23. Qd2 cxd4 24. cxd4 a4 25. Red1 Qa5 26. Qe3 Qa6 27. e5 Na5 28. Be4 d5 29. Bc2 e6
30. Be1 Nc6 31. Kg1 Bf8 32. g4 hxg4 33. hxg4 Be7 34. f5 gxf5 35. gxf5 Rg8+ 36. Kh1
exf5 37. Bd2 Rg6 38. Bxf5 Rh8 39. Bxg6+ Kxg6+ 40. Kg2 Kg7 41. Rh1 Rxh1 42. Rxh1 Nd8
43. Rh6  1-0

[Event "4th 4NCL Easter Congress"]
[Site "Holiday Inn Peterborough - West"]
[Date "2024.04.01"]
[Round "7"]
[Board "15"]
[White "Guthrie, David W"]
[Black "Kilambi, Venkata Ananth Akshay"]
[Result "1-0"]
[WhiteElo "2129"]
[BlackElo "1801"]
[PlyCount "0"]
[EventDate "2024.03.29"]
[EventRounds "7"]
[EventCountry "ENG"]

1. d4 Nf6 2. c4 e6 3. Nc3 Bb4 4. e3 b6 5. Nge2 d5 6. Qa4+ Nc6 7. Qxc6+ Bd7 8. Qb7
a6 9. cxd5 exd5 10. a3 Bxc3+ 11. Nxc3 c6 12. e4 O-O 13. e5 Re8 14. Be2 Ne4 15. Nxe4
dxe4 16. O-O h6 17. e6 fxe6 18. Bf4 b5 19. Qc7 Qe7 20. Qe5 Rf8 21. Qxe4 Rae8 22.
Rac1 Qf7 23. Bd6  1-0

[Event "4th 4NCL Easter Congress"]
[Site "Holiday Inn Peterborough - West"]
[Date "2024.04.01"]
[Round "7"]
[Board "16"]
[White "McLean, Robert"]
[Black "Han, Qixiang"]
[Result "1/2-1/2"]
[WhiteElo "1967"]
[BlackElo "1874"]
[PlyCount "0"]
[EventDate "2024.03.29"]
[EventRounds "7"]
[EventCountry "ENG"]

1. e4 c5 2. Nf3 d6 3. d4 cxd4 4. Nxd4 Nf6 5. Nc3 g6 6. Be3 Bg7 7. f3 O-O 8. Qd2 Nc6
9. O-O-O d5 10. exd5 Nxd5 11. Nxc6 bxc6 12. Bd4 e5 13. Bc5 Be6 14. Ne4 Re8 15. h4
h6 16. h5 g5 17. g4 Nf4 18. Qc3 Bd5 19. Bc4 Ne6 20. Bb3 Nd4 21. Rhe1 a5 22. Ba4 Qc7
23. Qe3 Ne6 24. Bb6 Qe7 25. Nc5 Nf4 26. Ne4 Ng2 27. Qc5 Nxe1 28. Rxe1 Rab8 29. Qxe7
Rxe7 30. Bxa5 Ra7 31. b4 Bxa2 32. Bxc6 Rc8 33. Bb5 Bf8 34. Kb2 Be6 35. Rc1 Rb8 36.
c4 Bxc4 37. Rxc4 Rxb5 38. Kc3 Kg7 39. Ng3 Rd7 40. Nf5+ Kh7 41. Rc8 Bg7 42. Kc4 Rbd5
43. Rc7 Rxc7+ 44. Kxd5 Rc3 45. b5 Rxf3 46. Bc7 Rb3 47. b6 e4 48. Kxe4 Rb4+ 49. Kd5
Bf8 50. Kc6 Rc4+ 51. Kd7 Bc5 52. b7 Ba7 53. Ne7 Rb4 54. Kc8 Rc4 55. Kd7 Rb4  1/2-1/2

[Event "4th 4NCL Easter Congress"]
[Site "Holiday Inn Peterborough - West"]
[Date "2024.04.01"]
[Round "7"]
[Board "17"]
[White "Lukhi, Neev"]
[Black "Hutchinson, Paul A"]
[Result "1-0"]
[WhiteElo "1812"]
[BlackElo "2006"]
[PlyCount "0"]
[EventDate "2024.03.29"]
[EventRounds "7"]
[EventCountry "ENG"]

1. d4 d5 2. Bf4 Nf6 3. e3 c6 4. Bd3 Bg4 5. Nf3 Ne4 6. c3 Nd7 7. Qb3 Nb6 8. a4 Nd6
9. Nbd2 Nbc8 10. c4 dxc4 11. Nxc4 Be6 12. O-O Bxc4 13. Bxc4 Nxc4 14. Qxc4 e6 15.
Qb3 Qb6 16. Qd3 Bd6 17. Bxd6 Nxd6 18. e4 Rd8 19. Rfe1 O-O 20. Qc3 Qa6 21. b4 Qc4
22. Qb2 Qa6 23. Qb3 Qb6 24. Qc3 a6 25. Ne5 f6 26. Nd3 Qc7 27. Nc5 Qf7 28. Re2 Rfe8
29. e5 Nf5 30. Rd2 Rd5 31. Rad1 Red8 32. Ne4 Kh8 33. Ng3 Qg6 34. exf6 gxf6 35. Nxf5
Qxf5 36. Qe3 e5 37. g3 Qd7 38. Qh6 Qd6 39. dxe5 fxe5 40. Rxd5 cxd5 41. Qxd6 Rxd6
42. f3 Kg7 43. a5 Kf6 44. Rc1 Rc6 45. Rxc6+ bxc6 46. Kf2 Ke6 47. Ke3 Kd6 48. g4 c5
49. bxc5+ Kxc5 50. Kd3 Kd6 51. h4 Ke6 52. Ke3 Kd6 53. Kd3 Kc5 54. Kc3 d4+ 55. Kd3
Kd5 56. g5 Kd6 57. h5 Ke6 58. Ke4 d3 59. Kxd3 Kf5 60. g6 hxg6 61. h6 Kf6 62. Ke4
g5 63. h7 Kg7 64. Kf5 Kxh7 65. Kxg5 Kg7 66. Kf5 e4 67. Kxe4 Kf6  1-0

[Event "4th 4NCL Easter Congress"]
[Site "Holiday Inn Peterborough - West"]
[Date "2024.04.01"]
[Round "7"]
[Board "18"]
[White "Railwani, Tavish"]
[Black "Ali, Golam S"]
[Result "1-0"]
[WhiteElo "1783"]
[BlackElo "1894"]
[PlyCount "0"]
[EventDate "2024.03.29"]
[EventRounds "7"]
[EventCountry "ENG"]

1. e4 Nc6 2. Nf3 e5 3. Bc4 Be7 4. O-O Nf6 5. d3 d6 6. h3 O-O 7. Nc3 Na5 8. Bb3 Nxb3
9. axb3 c6 10. d4 exd4 11. Nxd4 d5 12. exd5 Nxd5 13. Nxd5 Qxd5 14. Be3 Rd8 15. Nf3
Qe4 16. Qe2 Bf5 17. c3 Rd6 18. Rfe1 Rg6 19. Rxa7 Rxa7 20. Bxa7 Qxe2 21. Rxe2 Kf8
22. Nh4 Re6 23. Rxe6 Bxe6 24. Nf3 Bxb3 25. Be3 f6 26. Nd4 Ba2 27. Nf5 Bd8 28. Bc5+
Kg8 29. Kf1 b6 30. Be3 Kf7 31. Nd6+ Ke6 32. Ne4 Kd5 33. Nd2 Bc7 34. Ke2 b5 35. b3
Be5 36. Kd3 g5 37. Kc2 h6 38. Kb2 f5 39. Nf3 Bf6 40. Bd4 Bxd4 41. Nxd4 b4 42. Kxa2
bxc3 43. Nxf5 Ke4 44. Kb1 Kxf5 45. Kc2 h5 46. Kxc3 Ke5 47. Kc4 Kd6 48. b4 Kc7 49.
Kc5 Kd7 50. f3 h4 51. Kd4 Kd6 52. Ke4 Ke6 53. f4 gxf4 54. Kxf4 Kd5 55. g4 hxg3 56.
Kxg3 Kc4 57. h4 Kxb4 58. h5 c5 59. h6 c4 60. h7 c3 61. h8=Q Kb3 62. Qb8+ Ka2 63.
Qa7+ Kb1 64. Qb6+ Ka2 65. Qa5+ Kb3 66. Qa1 Kc2 67. Kf2 Kd2 68. Qe1+ Kc2 69. Ke2 Kb2
70. Kd3 c2 71. Qc3+ Ka2 72. Qxc2+  1-0

[Event "4th 4NCL Easter Congress"]
[Site "Holiday Inn Peterborough - West"]
[Date "2024.04.01"]
[Round "7"]
[Board "19"]
[White "Mesesan, Mircea-Marius"]
[Black "Varley, Joe"]
[Result "0-1"]
[WhiteElo "1963"]
[BlackElo "1926"]
[PlyCount "0"]
[EventDate "2024.03.29"]
[EventRounds "7"]
[EventCountry "ENG"]

1. d4 Nf6 2. Nf3 g6 3. e3 Bg7 4. Bd3 d5 5. b3 c5 6. Bb2 Ne4 7. Nbd2 Nxd2 8. Qxd2
O-O 9. O-O Nc6 10. a3 Bg4 11. Ne5 Nxe5 12. dxe5 Qc7 13. h3 Be6 14. f4 Rac8 15. Bc3
Rfd8 16. Qf2 c4 17. bxc4 dxc4 18. Be4 Bd5 19. Qf3 e6 20. Rfd1 Bxe4 21. Qxe4 b5 22.
a4 Rxd1+ 23. Rxd1 bxa4 24. Ra1 Qd7 25. Qd4 Qc6 26. Qxa7 Ra8 27. Qd4 Bf8 28. Kh2 Qb5
29. f5 a3 30. fxe6 fxe6 31. Qg4 Ra6 32. Qf4 Bg7 33. Rf1 Ra7 34. g3 a2 35. Qg5 Qd5
36. Qf4 Qb5 37. Qg4 Qc6 38. Qf4 Rb7 39. Qg5 Rd7 40. Qh4 Bxe5 41. Qh6 Qa8 42. Bb4
Bg7 43. Qf4 a1=Q 44. Rxa1 Bxa1 45. Qxc4 Qd5 46. Qf4 Bg7 47. c4 Qd1 48. h4 Qc2+ 49.
Kh3 Qf5+ 50. Qxf5 exf5 51. c5 Rc7 52. g4 fxg4+ 53. Kxg4 Bf8 54. h5 Bxc5 55. Bxc5
Rxc5 56. hxg6 hxg6 57. e4 Kf7 58. Kf4 g5+ 59. Ke3 Ke6 60. Kd4 Ra5 61. Ke3 Ke5 62.
Kf3 Rb5 63. Kg4 Kxe4 64. Kg3 Kf5 65. Kf3 Rb3+ 66. Kf2 Kf4 67. Kg2 g4 68. Kf2 Rb2+
69. Kf1 g3 70. Kg1 Kf3 71. Kf1 Rb1#  0-1

[Event "4th 4NCL Easter Congress"]
[Site "Holiday Inn Peterborough - West"]
[Date "2024.04.01"]
[Round "7"]
[Board "20"]
[White "Ward, Cian"]
[Black "Miller, George I"]
[Result "1/2-1/2"]
[WhiteElo "1815"]
[BlackElo "1893"]
[PlyCount "0"]
[EventDate "2024.03.29"]
[EventRounds "7"]
[EventCountry "ENG"]

1. e4 c6 2. Nc3 d5 3. Nf3 dxe4 4. Nxe4 Nf6 5. Nxf6+ exf6 6. d4 Bd6 7. Be2 O-O 8.
O-O Re8 9. Re1 Bg4 10. Be3 Nd7 11. c4 Nf8 12. h3 Be6 13. Qc2 Qd7 14. Bf1 Rad8 15.
Rad1 Bb8 16. Qd2 Qc7 17. g3 Ng6 18. Kh2 f5 19. Kg2 f4 20. Bxf4 Nxf4+ 21. Qxf4 Qxf4
22. gxf4 Bxf4 23. Bd3 g6 24. Re4 Bh6 25. Rde1 Bg7 26. b3 Bf6 27. Bb1 Kf8  1/2-1/2

[Event "4th 4NCL Easter Congress"]
[Site "Holiday Inn Peterborough - West"]
[Date "2024.03.29"]
[Round "1"]
[Board "1"]
[White "Bellano, Harry"]
[Black "Gibbs, John"]
[Result "1/2-1/2"]
[WhiteElo "1603"]
[BlackElo "1699"]
[PlyCount "0"]
[EventDate "2024.03.29"]
[EventRounds "7"]
[EventCountry "ENG"]

1. e4 c5 2. Nf3 d6 3. c3 Nf6 4. Be2 Nc6 5. d4 cxd4 6. cxd4 e6 7. d5 exd5 8. exd5
Qa5+ 9. Nc3 Ne7 10. Bc4 Ne4 11. Bb5+ Bd7 12. Bxd7+ Kxd7 13. Qb3 Nc5 14. Qc4 Na6 15.
Qb3 Nc5 16. Qc4 Na6 17. Qb3 Nc5  1/2-1/2